LEADER 01782nam2 22003011i 450 001 RMLE060308 005 20231121125805.0 012 $a-n-m as.i -nee -qun (3) 1665 (R)$2fei 100 $a20121121d1665 ||||0itac50 ba 101 | $alat 102 $aun 181 1$6z01$ai $bxxxe 182 1$6z01$an 200 1 $a˜Tomus 2.: M. Fab. Quintiliani œDeclamationes undeviginti. M. Fabii Avi et Calpurnii Flacci Declamationes. Auctoris incerti Dialogus De causis corruptae eloquentiae. Cum variorum notis 210 $aLugduni Batavorum et Roterodami $cEx Officina Hackiana $d1665 215 $a[4],784,[8] p.$d8° 300 $aUltima pagina bianca 316 $abarcode:0000000589. - Inventario:26737 FLSVM$5IT-FR0017 , CIS ANT.25 461 1$1001RMLE060307$12001 $aM. Fabii Quintiliani Institutionum oratoriarum libri duodecim. Summa diligentia ad fidem vetustissimorum codicum recogniti ac restituti. Accesserunt huic renovatae editioni Declamationes, quae tam ex P. Pithoei, J. C. Clarissimi, quam aliorum bibliothecis & editionibus colligi potuerunt. Cum Turnebi, Camerari ... Cum indice locupletissimo, tam in textum, quam notas 700 1$aQuintilianus$b, Marcus Fabius$3RMLV157321$0171261 801 3$aIT$bIT-01$c20121121 850 $aIT-FR0017 899 $aBiblioteca umanistica Giorgio Aprea$bFR0017 912 $aRMLE060308 950 2$aBiblioteca umanistica Giorgio Aprea$d 52CIS ANT.25$e 52VM 0000421115 VM barcode:0000000589. - Inventario:26737 FLSVM$fB $h20040330$i20121204 977 $a 52 996 $aDeclamationes undeviginti. M. Fabii Avi et Calpurnii Flacci Declamationes. Auctoris incerti Dialogus De causis corruptae eloquentiae. Cum variorum notis$93634430 997 $aUNICAS LEADER 01256nam0 22002651i 450 001 UON00394886 005 20231205104630.386 100 $a20110628d1979 |0itac50 ba 101 $aita 102 $aIT 105 $a|||| ||||| 200 1 $aˆLe ‰variazioni territoriali delle Regioni$econtributo allo studio dell'art.132 della Costituzione. Vol. 1: Regioni storiche e regionalismo politico nelle scelte dell'Assemblea costituente$fMaurizio Pedrazza Gorlero 210 $aPadova $cCEDAM$d1979 215 $aX, 191 p.$d24 cm. 410 1$1001UON00173109$12001 $a Università degli Studi di Padova. Facoltà di Economia e Commercio. Collana di Studi Giuridici$1210 $aPadova$cCEDAM.$v10 606 $aREGIONE$xLegislazione$3UONC078691$2FI 620 $aIT$dPadova$3UONL000153 700 1$aPedrazza Gorlero$bMaurizio$3UONV113930$0235603 712 $aCedam$3UONV247039$4650 801 $aIT$bSOL$c20251121$gRICA 899 $aSIBA - SISTEMA BIBLIOTECARIO DI ATENEO$2UONSI 912 $aUON00394886 950 $aSIBA - SISTEMA BIBLIOTECARIO DI ATENEO$dSI PUB D 0153 $eSI SC 8733 5 0153 $sBuono 996 $aVariazioni territoriali delle Regioni$9623626 997 $aUNIOR